Cómo crear la cadena cliente - proveedor : hacia una compañía de categoría mundial
Tallennettuna:
| Päätekijä: | |
|---|---|
| Muut tekijät: | |
| Aineistotyyppi: | Kirja |
| Julkaistu: |
Barcelona : Grupo Editorial Norma
1993
|
| Aiheet: | |
| Tagit: |
Lisää tagi
Ei tageja, Lisää ensimmäinen tagi!
|
MARC
| LEADER | 00000nam a2200000Ia 4500 | ||
|---|---|---|---|
| 003 | 000469 | ||
| 005 | 20221231144006.0 | ||
| 008 | 140114s1993 ck a 000 ||s d | ||
| 040 | |c cru CEDI | ||
| 082 | |a 658.8 S393c c | ||
| 100 | |a Schonberger, Richard J |9 18501 | ||
| 245 | |a Cómo crear la cadena cliente - proveedor : hacia una compañía de categoría mundial | ||
| 260 | |a Barcelona : Grupo Editorial Norma |c 1993 | ||
| 300 | |a xii, 396 páginas : ilustraciones | ||
| 500 | |a Traduccion de : Building a chain of custumers : linking business functions to create the world class company. | ||
| 650 | |x GESTION INDUSTRIAL |x MERCADEO |x RENDIMIENTO INDUSTRIAL |9 18503 | ||
| 700 | |9 18502 |a Ruíz Gabás, Fernando | ||
| 942 | |2 ddc |c BK | ||
| 999 | |c 15307 |d 15307 | ||
